000 00715nam a2200253Ia 4500
003 OSt
005 20221006142859.0
006 a|||||r|||| 00| 0
007 ta
008 221006b |||||||| |||| 00| 0 eng d
020 _a8170172896
_c170.00
024 _a7,437
037 _cTextual
040 _aEASL
_cEASL
_beng
041 _2eng
_aeng
082 _aV42:192.I43, N2
100 _aThakur Upendra
245 0 _aIndia and Japan
_b A study in interaction during 5th cent-14th cent A.D.
260 _aNew Delhi
_bAbhinav Publications India
_c1992
300 _a98p.
_ccm.
490 _v JEL
942 _hV42:192.I43, N2
_cTEXL
_2CC
999 _c1075523
_d1075523